A cebola cósmica (Registo nº 199938)

Detalhes MARC
000 -Etiqueta do registo
Valores 00601nam 22001933 4500
021 ## - Número do Depósito Legal
Código do país Portugal
Número 18.340/87
100 ## - Dados gerais de processamento
Dados gerais 20260115d u||y0pory50 ba
200 ## - Titulo e menção de responsabilidade
Título próprio A cebola cósmica
Informação de outro título os quarks e a natureza do Universo
Primeira menção de responsabilidade Frank Close
Outras menções de responsabilidade tradução de Paula Vitória
210 ## - Publicação
Local de publicação Lisboa
Nome do editor edições 70
Data de publicação cop. 1983
215 ## - Descrição física 
Paginação / Volumes 192, [3] p.
Outras indicações físicas il. ; brochado
Dimensões 23 cm
225 ## - Colecção 
Título próprio da colecção Universo da Ciência
Indicação de volume 3
606 ## - Nome comum usado como assunto
ID Autoridade 8728
Palavra de ordem Ciências Puras- Física
675 ## - CDU
Notação 53
Edição PT
Língua por
700 ## - Autor principal (pessoa individual)
ID Autoridade 15765
Apelido Close
Nome Frank
Datas 1945-
801 ## - Fonte de origem
País PT
Agência BMMN
Regras de catalogação RPC
830 ## - Notas gerais do catalogador
Criado por Ana
Indexado por Ana
990 ## - Elementos KOHA
Tipo de documento Livro
Exemplares
Situação do levantamento Biblioteca de origem Código de barras Cota Permissão de empréstimo Tipo de documento Forma de aquisição
  Biblioteca Municipal de Montemor-o-Novo 28997 53 CLO|DEP   Livro Compra

Powered by Koha